[Event "Slask-ch Bak Memorial"]
[Site "Chorzow"]
[Date "2016.09.20"]
[Round "6"]
[White "Sowierszenko, Tomasz"]
[Black "Kaczmarski, Andrzej"]
[Result "0-1"]
[WhiteElo "1398"]
[BlackElo "1703"]
[PlyCount "42"]
[EventDate "2016.09.17"]
[EventType "swiss"]
[EventRounds "9"]
[EventCountry "POL"]
[SourceTitle "EXT 2018"]
[Source "ChessBase"]
[SourceDate "2017.10.13"]
[SourceVersion "1"]
[SourceVersionDate "2017.10.13"]
[SourceQuality "1"]

1. d4 Nf6 2. c4 g6 3. Nc3 d5 4. e3 Bg7 5. Nf3 0-0 6. Be2 dxc4 7. Bxc4 Nbd7 8. Qb3 Nb6 9. Be2 Be6 10. Qc2 h6 11. Bd2 Nc4 12. 0-0 c6 13. b3 Nxd2 14. Nxd2 Nd5 15. Nce4 Bf5 16. Qd1 e5 17. dxe5 Bxe5 18. Rc1 Bxe4 19. Nxe4 Bxh2+ 20. Kh1 Qh4 21. f3 Bg3+ 0-1

[Event "Slask-ch Bak Memorial"]
[Site "Chorzow"]
[Date "2016.09.18"]
[Round "3"]
[White "Wirtek, Jerzy"]
[Black "Sowierszenko, Tomasz"]
[Result "0-1"]
[WhiteElo "1711"]
[BlackElo "1398"]
[PlyCount "76"]
[EventDate "2016.09.17"]
[EventType "swiss"]
[EventRounds "9"]
[EventCountry "POL"]
[SourceTitle "EXT 2018"]
[Source "ChessBase"]
[SourceDate "2017.10.13"]
[SourceVersion "1"]
[SourceVersionDate "2017.10.13"]
[SourceQuality "1"]

1. d4 d5 2. Nf3 Nf6 3. e3 e6 4. Bd3 Bd6 5. Nbd2 b6 6. e4 dxe4 7. Nxe4 Bb7 8. Qe2 h6 9. c4 Bb4+ 10. Bd2 Bxd2+ 11. Nexd2 0-0 12. 0-0 Nc6 13. Nb3 Nb4 14. a3 Nxd3 15. Qxd3 Qd6 16. h3 Rad8 17. Qe3 Qc6 18. Rac1 Ne4 19. Rfd1 Ng5 20. d5 exd5 21. cxd5 Nxf3+ 22. Qxf3 Qd6 23. Nd4 Bxd5 24. Qh5 Qf4 25. Nf5 Rfe8 26. Ne3 Bb3 27. Rxd8 Rxd8 28. Qb5 Be6 29. Qe2 Rd5 30. Rd1 Rg5 31. Rd8+ Kh7 32. Qd3+ g6 33. Ng4 Qc1+ 34. Kh2 Qxb2 35. Qf3 Rf5 36. Qc6 h5 37. Qe8 Qg7 38. Qe7 hxg4 0-1

[Event "Slask-ch Bak Memorial"]
[Site "Chorzow"]
[Date "2016.09.17"]
[Round "2"]
[White "Sowierszenko, Tomasz"]
[Black "Slezinski, Nikodem"]
[Result "0-1"]
[WhiteElo "1398"]
[BlackElo "1984"]
[PlyCount "46"]
[EventDate "2016.09.17"]
[EventType "swiss"]
[EventRounds "9"]
[EventCountry "POL"]
[SourceTitle "EXT 2018"]
[Source "ChessBase"]
[SourceDate "2017.10.13"]
[SourceVersion "1"]
[SourceVersionDate "2017.10.13"]
[SourceQuality "1"]

1. d4 Nf6 2. c4 e6 3. Nc3 d5 4. e3 Nbd7 5. Nf3 Be7 6. Bd3 a6 7. Bd2 dxc4 8. Bxc4 b5 9. Bd3 Bb7 10. 0-0 0-0 11. Qc2 c5 12. Ne4 Rc8 13. dxc5 Bxe4 14. Bxe4 Nxc5 15. Bxh7+ Nxh7 16. Rfd1 Qb6 17. Bc3 Na4 18. Ne5 Nxc3 19. bxc3 Qc7 20. Nf3 Qxc3 21. Qe4 Ng5 22. Nxg5 Bxg5 23. Rac1 Qxc1 0-1